01020nam a2200241 a 450000100100000000500170001000800410002704000250006808200160009310000260010924000400013524500870017526000530026230000210031549000530033650000270038950400320041659000570044883000600050504900090056595201870057499900170076100003508020200930074106.0111024s1974 mx 000 0 spa d aDO-SdBNPbspacBNPHU axxxxbR985p1 aRuyer, Raymond96074010aPhilosophie de la valeurlEspañol10aFilosofía del valor. /cRaymond Ruyer ; traducción de Agustín Ezcurdia hija. aMéxico :bFondo de Cultura Económica,c1974. a210 p. ;c17 cm.1 aBreviarios del Fondo de Cultura Económicav208 aTraducido del inglés aBibliografía : p. 203-205 aPerteneció a la biblioteca personal de Juan Isidro 0aBreviarios del Fondo de Cultura Económicav208925786 aBNGR 001050718MOaGRbGRcCTd2011-10-24iLF1l0oxxxx R985pp35080-10r2020-06-25w2020-06-25y1zPerteneció a la biblioteca personal de Juan Isidro Jimenes -GrullónZNo se presta c34571d34571